| 000 | 00860cab a2200277 4500 | ||
|---|---|---|---|
| 001 | WB3405-28 | ||
| 008 | 090401t1998 xxu||||| |||| 00| 0 eng d | ||
| 035 | _a(Sirsi) u83578 | ||
| 041 | _aeng | ||
| 245 | _aGlobal business | ||
| 260 | _c1998 | ||
| 350 | _a0 | ||
| 490 |
_aFinancial Times _vSupplement 6 February 1998, (16) LOAN |
||
| 520 | _aConsiders issues for global business operations, including global relationship management to ensure consistent service provision. | ||
| 650 | _aBUSINESS STRATEGY | ||
| 650 | _aCOMMUNICATION | ||
| 650 | _aCOMPETITIVENESS | ||
| 650 | _aGLOBAL MARKET | ||
| 650 | _aGLOBAL RELATIONSHIP MANAGEMENT | ||
| 650 | _aGLOBAL SERVICE FIRMS | ||
| 650 | _aORGANISATIONS | ||
| 650 | _aSTRATEGIC MANAGEMENT | ||
| 690 | _aMANAGEMENT-BUSINESS MANAGEMENT-PROFESSIONAL PRACTICE | ||
| 942 | _n0 | ||
| 948 | _c06/02/1998 | ||
| 999 |
_c52799 _d52799 |
||